007040000a22001810004500090001400000245007800014650002500092650003600117650003000153650003600183650002400219041001300243100002600256942001300282773005200295999001700347952015800364 aARb0296410aImplications of seed dispersal by animals for tropical reserve management14aAreas protegidas97814aDispersión de semillas99258814aManejo de reservas99651314aRelación planta-animal99286114aCoevolución974610 aInglés1 aHowe, Henry F.911873 cARTICULO1 tBiological Conservation3147q261-281d1984g30 c12022d12022 001040718HEMEROTECAaBogotabBogotad2015-02-27hFuera de circulaciónl0oAR 02964p013371r2015-03-25 00:00:00t1w2015-03-25xDonaciónyARTICULO